Culture Générale - Série 939 - Statistiques

Statistiques générales
  • Ce quiz a été pris 140 fois
  • Le résultat moyen est 7 sur 10
Statistiques - réponses
Question Réponse % Correct
Quel pays d'Asie obtient-on en enlevant une lettre au département de l'Indre ? Inde
99%
Quelle est la langue officielle du Sénégal ? français
96%
Dans quel sport Martina Navratilova s'est-elle illustrée ? tennis
88%
D'après la constitution de la Ve République française, qui a le pouvoir de dissoudre l'Assemblée nationale ? Le président de la République
81%
Dans quelle chaîne de montagnes se situe le glacier appelé mer de Glace ? Alpes
77%
Quel poète français a écrit les paroles des “Feuilles mortes”, notamment chantées par Yves Montand ? Jacques Prévert
64%
Comment s'appelle la résidence de Brigitte Bardot à Saint-Tropez ? La Madrague
58%
Par opposition à "numérique", quel adjectif qualifie la photographie traditionnelle ? argentique
55%
Quel comédien britannique interprète le facétieux Mr Bean ? Rowan Atkinson
50%
Quelle femme a été championne du monde de tennis en 1978, 80 et 81 ? Chris Evert
15%
Aucun quiz correspondant
Distribution des résultats
% des personnes avec chaque résultat
Percentile par nombre de réponses
Votre historique - résultats
Vous n’avez pas pris ce quiz